UBT Library

Author's handbook of styles for life science journals / (Record no. 40794)

000 -LEADER
fixed length control field 00757cam a2200241 a 4500
001 - CONTROL NUMBER
control field 3980364
005 - DATE AND TIME OF LATEST TRANSACTION
control field 20180123083429.0
008 - FIXED-LENGTH DATA ELEMENTS--GENERAL INFORMATION
fixed length control field 950815s1996 flu bf 000 0 eng
010 ## - LIBRARY OF CONGRESS CONTROL NUMBER
LC control number 95038010
020 ## - INTERNATIONAL STANDARD BOOK NUMBER
International Standard Book Number 084932503X (acidfree paper)
040 ## - CATALOGING SOURCE
Original cataloging agency DLC
Transcribing agency DLC
Modifying agency DLC
-- WaU
041 ## - LANGUAGE CODE
Language code of text/sound track or separate title eng
080 ## - UNIVERSAL DECIMAL CLASSIFICATION NUMBER
Universal Decimal Classification number 808..06661 MIC
082 00 - DEWEY DECIMAL CLASSIFICATION NUMBER
Classification number 808..06661 MIC
Edition number 20
100 1# - Rafti
Rafti 47
101 ## - Shkurtesa
Shkurtesa EDU
245 10 - TITLE STATEMENT
Title Author's handbook of styles for life science journals /
Statement of responsibility, etc Michel C. Atlas.
246 30 - VARYING FORM OF TITLE
Title proper/short title Styles for life science journals
504 ## - BIBLIOGRAPHY, ETC. NOTE
Bibliography, etc Includes bibliographical references.
906 ## - LOCAL DATA ELEMENT F, LDF (RLIN)
a 7
b cbc
c orignew
d 1
e ocip
f 19
g y-gencatlg
942 ## - ADDED ENTRY ELEMENTS (KOHA)
Source of classification or shelving scheme
Item type Books
Holdings
Withdrawn status Lost status Source of classification or shelving scheme Damaged status Not for loan Collection code Permanent location Current location Shelving location Date acquired Total Checkouts Full call number Barcode Date last seen Price effective from Koha item type
          Koleksioni i përgjithshem UBT - Lipjan UBT - Lipjan Koleksioni i përgjithshem 01/23/2018   808..06661 MIC 002-2996085 01/23/2018 01/23/2018 Books
UBT Library © 2015-2024. All rights reserved University Education for Business and Technology